| 000 | 00413nam a22001337a 4500 | ||
|---|---|---|---|
| 005 | 20180124125553.0 | ||
| 008 | 180124b xxu||||| |||| 00| 0 eng d | ||
| 040 | _cPK-LaUMT | ||
| 082 |
_aPKAC 297.74 _bKAR- |
||
| 245 |
_aKar e dawat ki dushwarian aur masail(urdu)/ _cSajid ur Rehman Siddiqi(Translator) |
||
| 260 |
_aاسلام آباد: _bادارہ تحقیقات اسلامی، |
||
| 300 | _a178 | ||
| 942 | _cBK | ||
| 999 |
_c102095 _d102095 |
||